By god's will (Record no. 7287)

MARC details
000 -LEADER
fixed length control field 00734nam a2200253 i 4500
001 - CONTROL NUMBER
control field C2-0064035
003 - CONTROL NUMBER IDENTIFIER
control field PPAK
005 - DATE AND TIME OF LATEST TRANSACTION
control field 20190630222113.0
008 - FIXED-LENGTH DATA ELEMENTS--GENERAL INFORMATION
fixed length control field 970304s1989 enka|||| ||||| | eng d
020 ## - INTERNATIONAL STANDARD BOOK NUMBER
International Standard Book Number 0297796283
040 ## - CATALOGING SOURCE
Original cataloging agency PPAK
Language of cataloging eng
Transcribing agency PPAK
Description conventions rda
082 04 - DEWEY DECIMAL CLASSIFICATION NUMBER
Classification number 923.15955
Edition number 23
090 00 - LOCALLY ASSIGNED LC-TYPE CALL NUMBER (OCLC); LOCAL CALL NUMBER (RLIN)
Classification number (OCLC) (R) ; Classification number, CALL (RLIN) (NR) 923.15955
Feature heading CHA
Feature heading G
Classification number (OCLC) (R) ; Classification number, CALL (RLIN) (NR) 923.15955
Feature heading CHA
Feature heading R
100 0# - MAIN ENTRY--PERSONAL NAME
Personal name Chalfont,
Relator term author
245 10 - TITLE STATEMENT
Title By god's will
Remainder of title a portrait of the Sultan of Brunei
264 #1 - PRODUCTION, PUBLICATION, DISTRIBUTION, MANUFACTURE, AND COPYRIGHT NOTICE
Place of production, publication, distribution, manufacture London :
Name of producer, publisher, distributor, manufacturer Weidenfeld and Nicolson ,
Date of production, publication, distribution, manufacture, or copyright notice 1989
300 ## - PHYSICAL DESCRIPTION
Extent 200 pages :
Other physical details illustrations ;
Dimensions 26 cm
336 ## - CONTENT TYPE
Source rdacontent
Content type term text
337 ## - MEDIA TYPE
Source rdamedia
Media type term unmediated
338 ## - CARRIER TYPE
Source rdacarrier
Carrier type term volume
650 10 - SUBJECT ADDED ENTRY--TOPICAL TERM
Topical term or geographic name entry element Brunei - Kings and rulers - Biography
942 ## - ADDED ENTRY ELEMENTS (KOHA)
-- dc
Koha item type Book
Holdings
Withdrawn Not for loan Current library Shelving location Date acquired Full call number Barcode Date last seen Koha item type
  Not For Loan Perpustakaan Alor Setar Rujukan Dewasa 20/07/1998 R 923.15955 CHA A00110710 08/05/2018 Book
    Perpustakaan Alor Setar Pinjaman Dewasa 27/07/1997 923.15955 CHA A00039662 08/05/2018 Book
    Perpustakaan Alor Setar Pinjaman Dewasa 28/07/1997 923.15955 CHA A00037434 08/05/2018 Book
    Perpustakaan Awam Sungai Petani Pinjaman Dewasa 11/02/2004 923.15955 CHA A00418107 08/05/2018 Book
    Perpustakaan Jitra Pinjaman Dewasa 01/03/2004 923.15955 CHA A00845165 08/05/2018 Book
    Perpustakaan Kulim Pinjaman Dewasa 17/12/2003 923.15955 CHA A00325273 08/05/2018 Book